Η επαγγελματική κατεύθυνσις εν θεωρία και πράξει
Αποθηκεύτηκε σε:
| Κύριος συγγραφέας: | |
|---|---|
| Μορφή: | Βιβλίο |
| Γλώσσα: | Greek |
| Δημοσίευση: |
Εν Αθήναις :
[χ.ό.],
1954
|
| Θέματα: | |
| Ετικέτες: |
Προσθήκη ετικέτας
Δεν υπάρχουν, Καταχωρήστε ετικέτα πρώτοι!
|
MARC
| LEADER | 00000cam a2200000 i 4500 | ||
|---|---|---|---|
| 001 | 1/57596 | ||
| 008 | 040616s1954 gre d | ||
| 035 | |l 10073799 | ||
| 040 | |a GR-MY-UA |b gre |e aacr | ||
| 041 | 0 | |a gre | |
| 082 | 0 | |a 371.425 | |
| 100 | 1 | |a Παρασκευά, Σοφία Μ. | |
| 245 | 1 | 2 | |a Η επαγγελματική κατεύθυνσις εν θεωρία και πράξει / |c υπό Σοφίας Μ. Παρασκευά |
| 260 | |a Εν Αθήναις : |b [χ.ό.], |c 1954 | ||
| 300 | |a 79 σ. | ||
| 650 | 0 | 0 | |a Vocational guidance |z Greece. |
| 852 | |a INST |b RHODES |c AKA |e 20040616 |h 371.425 ΠΑΡ |p 005400018798 |q 005400018798 |t BK |y 0 | ||
| 901 | |a BIBL4-2004-2 | ||
| 909 | |a Ρ |b 109710 | ||
| 970 | |a ΚΟΥΛΑΚΙΟΤΗ |b ΛΙΤΣΑ |z 2004/06/16 | ||